[Event "Bad Woerishofen Seniors op 32nd"]
[Site "Bad Woerishofen"]
[Date "2016.03.02"]
[Round "6"]
[White "Schmidt, Eugen"]
[Black "Zunker, Reinhard"]
[Result "1/2-1/2"]
[WhiteElo "1969"]
[BlackElo "2153"]
[PlyCount "41"]
[EventDate "2016.02.26"]
[EventType "swiss"]
[EventRounds "9"]
[EventCountry "GER"]
[SourceTitle "EXT 2019"]
[Source "ChessBase"]
[SourceDate "2018.10.10"]
[SourceVersion "1"]
[SourceVersionDate "2018.10.10"]
[SourceQuality "1"]

1. e4 d6 2. d4 g6 3. Nc3 Bg7 4. Bf4 Nd7 5. Nf3 a6 6. Qd2 c5 7. Be3 Ngf6 8. Bh6 0-0 9. Bxg7 Kxg7 10. e5 Ne8 11. h4 cxd4 12. Qxd4 Qb6 13. e6+ Qxd4 14. Nxd4 Ndf6 15. Bc4 Nc7 16. exf7 d5 17. Be2 Rxf7 18. Nf3 Rf8 19. 0-0-0 e6 20. Ne5 Nd7 21. Nf3 1/2-1/2

[Event "Bad Woerishofen Seniors op 30th"]
[Site "Bad Woerishofen"]
[Date "2014.03.26"]
[Round "6"]
[White "Kearsley, Raymond J"]
[Black "Schmidt, Eugen"]
[Result "0-1"]
[WhiteElo "1700"]
[BlackElo "1958"]
[PlyCount "74"]
[EventDate "2014.03.21"]
[EventType "swiss"]
[EventRounds "9"]
[EventCountry "GER"]
[SourceTitle "EXT 2019"]
[Source "ChessBase"]
[SourceDate "2018.10.10"]
[SourceVersion "1"]
[SourceVersionDate "2018.10.10"]
[SourceQuality "1"]

1. e4 c5 2. d4 cxd4 3. c3 e5 4. Nf3 Nc6 5. Bc4 Nf6 6. cxd4 exd4 7. e5 Nxe5 8. Nxe5 Qa5+ 9. Nd2 Qxe5+ 10. Qe2 Qxe2+ 11. Bxe2 Bc5 12. 0-0 h6 13. Nb3 Bb6 14. Bf4 0-0 15. Bd6 Re8 16. Bf3 Ne4 17. Ba3 d5 18. Rad1 d3 19. g3 Bd7 20. Kg2 Bb5 21. Nd2 Rac8 22. Bxe4 dxe4 23. Rc1 f5 24. b3 Bc6 25. Kh3 g5 26. Nc4 g4+ 27. Kh4 Bd8+ 28. Kh5 Bg5 29. Ne3 Rf8 30. Rxc6 bxc6 31. Bxf8 Rxf8 32. Nc4 Kh7 33. Ne5 a5 34. h4 gxh3 35. f4 exf3 36. Rxf3 d2 37. Rd3 h2 0-1

[Event "Baden-ch Seniors"]
[Site "Haslach im Kinzigtal"]
[Date "2010.06.04"]
[Round "7"]
[White "Mueller, Alfred Sr"]
[Black "Schmidt, Eugen"]
[Result "0-1"]
[WhiteElo "1605"]
[BlackElo "1992"]
[PlyCount "68"]
[EventDate "2010.05.29"]
[EventType "swiss"]
[EventRounds "9"]
[EventCountry "GER"]
[SourceTitle "EXT 2011"]
[Source "ChessBase"]
[SourceDate "2010.11.26"]
[SourceVersion "1"]
[SourceVersionDate "2010.11.26"]
[SourceQuality "1"]

1. d4 g6 2. Nf3 Bg7 3. Nc3 d6 4. e4 Nf6 5. Bd3 0-0 6. Be3 Nbd7 7. h3 c6 8. Qd2 e5 9. Bh6 Re8 10. Bxg7 Kxg7 11. 0-0 b5 12. a3 a5 13. Ne2 Bb7 14. Ng3 Qb6 15. Qg5 Kh8 16. dxe5 dxe5 17. Qd2 c5 18. c4 b4 19. axb4 cxb4 20. b3 Rad8 21. Qc2 Nc5 22. Rad1 Qc7 23. Nh2 h5 24. f3 Bc6 25. Qb1 Qb6 26. Kh1 a4 27. bxa4 Nxa4 28. Rc1 Qc5 29. Bc2 Nc3 30. Qb2 h4 31. Rfe1 hxg3 32. Nf1 Nh5 33. Bb3 Nf4 34. Nxg3 Nd3 0-1

[Event "Baden-ch Seniors"]
[Site "Haslach im Kinzigtal"]
[Date "2010.05.30"]
[Round "2"]
[White "Bayer, Wolfgang"]
[Black "Schmidt, Eugen"]
[Result "0-1"]
[WhiteElo "2082"]
[BlackElo "1992"]
[PlyCount "80"]
[EventDate "2010.05.29"]
[EventType "swiss"]
[EventRounds "9"]
[EventCountry "GER"]
[SourceTitle "EXT 2011"]
[Source "ChessBase"]
[SourceDate "2010.11.26"]
[SourceVersion "1"]
[SourceVersionDate "2010.11.26"]
[SourceQuality "1"]

1. c4 Nf6 2. g3 g6 3. Bg2 Bg7 4. Nc3 e5 5. e4 c6 6. Nge2 0-0 7. 0-0 d6 8. h3 Nh5 9. g4 Nf4 10. Nxf4 exf4 11. d3 g5 12. h4 h6 13. Rb1 Nd7 14. h5 Ne5 15. f3 Nxg4 16. fxg4 Qb6+ 17. Kh1 Bxc3 18. Bxf4 Be5 19. Bh2 Bxh2 20. Kxh2 Qd4 21. Qf3 f6 22. Rf2 Kg7 23. Kh3 f5 24. exf5 Rxf5 25. Rbf1 Rxf3+ 26. Bxf3 Qxd3 27. Kh2 Be6 28. Be2 Qd4 29. b3 Re8 30. Bd1 Re7 31. Bc2 Rf7 32. Rxf7+ Bxf7 33. Bf5 Be6 34. Bg6 Qxg4 35. Rf2 d5 36. Rg2 Qh4+ 37. Kg1 Qe1+ 38. Kh2 dxc4 39. bxc4 Bxc4 40. Rc2 Bd5 0-1

[Event "Bad Woerishofen Seniors op 21st"]
[Site "Bad Woerishofen"]
[Date "2005.03.09"]
[Round "7"]
[White "Schmidt, Eugen"]
[Black "Weigel, Herbert"]
[Result "1-0"]
[WhiteElo "1882"]
[BlackElo "1948"]
[PlyCount "59"]
[EventDate "2005.03.03"]
[EventType "swiss"]
[EventRounds "9"]
[EventCountry "GER"]
[SourceTitle "EXT 2006"]
[Source "ChessBase"]
[SourceDate "2005.11.24"]
[SourceVersion "1"]
[SourceVersionDate "2005.11.24"]
[SourceQuality "1"]

1. e4 e5 2. Nf3 Nc6 3. Bb5 a6 4. Ba4 Nf6 5. 0-0 b5 6. Bb3 Bb7 7. Re1 Bc5 8. c3 Ng4 9. d4 exd4 10. cxd4 Nxd4 11. Bxf7+ Kxf7 12. Ng5+ Kg8 13. Qxg4 Nc2 14. Rd1 Bc6 15. Qf3 Qe7 16. Qb3+ Kf8 17. Qxc2 h6 18. Nf3 Bxe4 19. Qe2 Re8 20. Nc3 Bc6 21. Qxe7+ Rxe7 22. Bf4 b4 23. Nd5 Re2 24. Be3 Bd6 25. b3 Kf7 26. Nd4 Be5 27. Nxe2 Bxa1 28. Nxb4 Bb5 29. Rxa1 Bxe2 30. Re1 1-0

[Event "GER-chA Seniors 16th"]
[Site "Templin"]
[Date "2004.09.08"]
[Round "5"]
[White "Schmidt, Manfred"]
[Black "Schmidt, Eugen"]
[Result "0-1"]
[WhiteElo "1869"]
[BlackElo "1877"]
[PlyCount "108"]
[EventDate "2004.09.04"]
[EventType "swiss"]
[EventRounds "9"]
[EventCountry "GER"]
[SourceTitle "EXT 2005"]
[Source "ChessBase"]
[SourceDate "2004.11.15"]
[SourceVersion "1"]
[SourceVersionDate "2004.11.15"]
[SourceQuality "1"]

1. e4 c5 2. c3 e5 3. Nf3 Nc6 4. Bc4 Qc7 5. a4 Nf6 6. d3 Be7 7. 0-0 0-0 8. Be3 d6 9. h3 a6 10. Nbd2 Rb8 11. Nh2 b5 12. axb5 axb5 13. Ba2 b4 14. f4 exf4 15. Bxf4 Ne5 16. Qe2 Ng6 17. Be3 Bd7 18. Nhf3 Nh5 19. Qe1 Nhf4 20. Bxf4 Nxf4 21. Qe3 Ng6 22. Ng5 Bf6 23. Qf3 Bxg5 24. Bxf7+ Kh8 25. Nc4 Be6 26. Qh5 Bxf7 27. Qxg5 Bxc4 28. dxc4 bxc3 29. bxc3 Qe7 30. Qxe7 Nxe7 31. Rfd1 Nc8 32. Ra6 Kg8 33. Rc6 Re8 34. Re1 Rb3 35. Re3 Nb6 36. Rc7 Nxc4 37. Rg3 g6 38. h4 Rb1+ 39. Kh2 Rxe4 40. Rf3 Ne5 41. Rc8+ Kg7 42. Rc7+ Kh6 43. Rf8 Rxh4+ 44. Kg3 Rg4+ 45. Kf2 Rb2+ 46. Ke3 Nc4+ 47. Kf3 Rbxg2 48. Rxh7+ Kxh7 49. Rf7+ Kh6 50. Rh7+ Kg5 51. Rh5+ Kf6 52. Rf5+ Ke6 53. Rf6+ Kd5 54. Rxd6+ Nxd6 0-1

[Event "GER-chA Seniors 16th"]
[Site "Templin"]
[Date "2004.09.04"]
[Round "1"]
[White "Bogorad, Michail"]
[Black "Schmidt, Eugen"]
[Result "1-0"]
[WhiteElo "2197"]
[BlackElo "2004"]
[PlyCount "135"]
[EventDate "2004.09.04"]
[EventType "swiss"]
[EventRounds "9"]
[EventCountry "GER"]
[SourceTitle "EXT 2005"]
[Source "ChessBase"]
[SourceDate "2004.11.15"]
[SourceVersion "1"]
[SourceVersionDate "2004.11.15"]
[SourceQuality "1"]

1. e4 c5 2. Nf3 Nc6 3. Bb5 g6 4. 0-0 Bg7 5. c3 e5 6. Re1 Nge7 7. Na3 0-0 8. Bc4 d5 9. exd5 Nxd5 10. d3 a6 11. Bxd5 Qxd5 12. Nc4 Rb8 13. Nb6 Qd8 14. Nxc8 Rxc8 15. Be3 Qd5 16. Qa4 Nb8 17. Qe4 Rfd8 18. Rad1 Rc6 19. c4 Qd6 20. Qh4 f6 21. h3 Qc7 22. a3 Rcd6 23. b4 cxb4 24. c5 Rd5 25. axb4 Kh8 26. Qc4 Qd7 27. d4 Nc6 28. Rd2 e4 29. Nh2 f5 30. Red1 Qc7 31. g3 h6 32. Bf4 Qd7 33. Bd6 Rxd6 34. cxd6 Qxd6 35. b5 axb5 36. Qxb5 e3 37. fxe3 Qxg3+ 38. Kh1 Qxe3 39. Qxb7 Qe4+ 40. Rg2 Rb8 41. Qf7 g5 42. Qa2 Nxd4 43. Qf2 Rb3 44. Re1 Qc6 45. Re3 Qc1+ 46. Re1 Qc3 47. h4 Qh3 48. hxg5 hxg5 49. Rxg5 Nf3 50. Rg3 Qxh2+ 51. Qxh2+ Nxh2 52. Rxb3 Ng4 53. Kg2 Kh7 54. Kf3 Kg6 55. Kf4 Bh6+ 56. Kg3 Bg7 57. Rb5 Kg5 58. Re6 Bc3 59. Kf3 Nh2+ 60. Ke3 Ng4+ 61. Kd3 Ba1 62. Ra6 Bf6 63. Raa5 Nf2+ 64. Ke2 Ne4 65. Rxf5+ Kg6 66. Rf4 Ng3+ 67. Kf3 Nh5 68. Rxh5 1-0

[Event "Schwarzwald Seniors op 12th"]
[Site "Steinach"]
[Date "2004.05.13"]
[Round "8"]
[White "Schmidt, Eugen"]
[Black "Fassmann, Kurt"]
[Result "1-0"]
[WhiteElo "1907"]
[BlackElo "1891"]
[PlyCount "137"]
[EventDate "2004.03.29"]
[EventType "swiss"]
[EventRounds "9"]
[EventCountry "GER"]
[SourceTitle "EXT 2006"]
[Source "ChessBase"]
[SourceDate "2005.11.24"]
[SourceVersion "1"]
[SourceVersionDate "2005.11.24"]
[SourceQuality "1"]

1. e4 c6 2. c4 d5 3. cxd5 cxd5 4. exd5 Nf6 5. Bb5+ Nbd7 6. Nc3 a6 7. Be2 g6 8. Nf3 Nb6 9. d4 Nbxd5 10. 0-0 Bg7 11. Qa4+ Bd7 12. Qb3 Bc6 13. Bg5 0-0 14. Rad1 h6 15. Bc1 b5 16. Ne5 Bb7 17. Bf3 Rc8 18. Rfe1 Rc7 19. Bd2 Nxc3 20. Bxc3 Bxf3 21. Nxf3 Qd5 22. Qa3 e6 23. Ne5 Qb7 24. Ba5 Rcc8 25. Bb4 Rfe8 26. Bc5 Nd7 27. b4 a5 28. Nxd7 axb4 29. Qxb4 Qxd7 30. Rb1 Rb8 31. a3 Rec8 32. Red1 Qd5 33. Qb3 Qd7 34. Qe3 Qd5 35. f4 Kh7 36. h4 h5 37. Qe2 Bf6 38. g3 Qd7 39. Kh2 Kg7 40. Rb3 Rb7 41. Rdb1 Rcb8 42. Qe4 Ra8 43. Rd1 Ra4 44. Bb4 Qd5 45. Qxd5 exd5 46. Rdd3 Rc7 47. Bc5 Rb7 48. Kg2 Rc4 49. Kf3 Rb8 50. Rb1 Rb7 51. Re1 Rb8 52. Re2 Ra4 53. Ree3 Rc4 54. Ke2 Ra8 55. Rd2 Raa4 56. Red3 Ra8 57. Rb3 Rb8 58. Kd3 Rb7 59. Rdb2 Rxc5 60. dxc5 Bxb2 61. Rxb2 Kf6 62. Kd4 Ke6 63. Re2+ Kd7 64. Kxd5 Rb8 65. c6+ Kc7 66. Kc5 Rd8 67. Re7+ Kc8 68. Kb6 Rf8 69. Ra7 1-0

[Event "Wuerttemberg-ch Seniors 16th"]
[Site "Freudenstadt"]
[Date "2004.05.10"]
[Round "9"]
[White "Schmidt, Eugen"]
[Black "Wittelsberger, Helmut"]
[Result "0-1"]
[WhiteElo "2005"]
[BlackElo "2076"]
[PlyCount "100"]
[EventDate "2004.05.02"]
[EventType "swiss"]
[EventRounds "9"]
[EventCountry "GER"]
[SourceTitle "EXT 2006"]
[Source "ChessBase"]
[SourceDate "2005.11.24"]
[SourceVersion "1"]
[SourceVersionDate "2005.11.24"]
[SourceQuality "1"]

1. e4 c5 2. Nf3 d6 3. d4 cxd4 4. Nxd4 Nf6 5. Nc3 g6 6. Be3 Bg7 7. f3 0-0 8. Bc4 Nc6 9. Qd2 Bd7 10. Bb3 Qa5 11. 0-0-0 Rfc8 12. Kb1 Ne5 13. g4 Nc4 14. Bxc4 Rxc4 15. h4 h5 16. gxh5 Nxh5 17. Nb3 Qd8 18. Bd4 Bxd4 19. Nxd4 Qa5 20. Nb3 Qe5 21. Rhg1 Be6 22. Rg5 Qf6 23. Nd5 Bxd5 24. Qxd5 Rac8 25. c3 Qxf3 26. Rxg6+ Kf8 27. Rh6 Nf6 28. Rg1 Ke8 29. Qxb7 Qxe4+ 30. Qxe4 Rxe4 31. Rh8+ Kd7 32. Rxc8 Kxc8 33. Rg7 Rxh4 34. Rxf7 Rh7 35. Rf8+ Kc7 36. a4 Nd7 37. Ra8 Kb7 38. Re8 e5 39. Ka2 Nb6 40. a5 Nc4 41. Nc1 Nxa5 42. b4 Rh2+ 43. Ka3 Nc4+ 44. Kb3 d5 45. Nd3 e4 46. Nc5+ Kc6 47. Rc8+ Kb6 48. Na4+ Kb7 49. Rd8 Rd2 50. Re8 e3 0-1

[Event "Baden-ch SN"]
[Site "Karlsruhe"]
[Date "2003.04.21"]
[Round "4.6"]
[White "Villing, Dieter"]
[Black "Schmidt, Eugen"]
[Result "0-1"]
[WhiteElo "2171"]
[BlackElo "2011"]
[PlyCount "90"]
[EventDate "2003.04.18"]
[EventType "swiss"]
[EventRounds "9"]
[EventCountry "GER"]
[SourceTitle "EXT 2004"]
[Source "ChessBase"]
[SourceDate "2003.11.25"]
[SourceVersion "1"]
[SourceVersionDate "2003.11.25"]
[SourceQuality "1"]

1. d4 Nf6 2. Nc3 g6 3. e4 d6 4. f3 Bg7 5. Be3 0-0 6. Qd2 Nbd7 7. 0-0-0 e5 8. Nge2 c6 9. Kb1 b5 10. Nc1 a5 11. dxe5 dxe5 12. g3 Qc7 13. Qd6 Qb7 14. Nb3 Re8 15. Nc5 Nxc5 16. Qxc5 Nd7 17. Qd6 a4 18. Bh3 Bf8 19. Qd2 Nb6 20. Bxc8 Rexc8 21. Bg5 b4 22. Ne2 b3 23. cxb3 axb3 24. axb3 c5 25. Nc3 c4 26. Qc2 Qa6 27. Kc1 cxb3 28. Qxb3 Nc4 29. Kc2 Rab8 30. Qa4 Qxa4+ 31. Nxa4 Nxb2+ 32. Kd2 Nxa4 33. Rc1 Rb2+ 34. Kd3 Rb3+ 35. Ke2 Nc3+ 36. Ke1 Kg7 37. Bd2 Bb4 38. h4 Rd8 39. h5 g5 40. g4 h6 41. Rh2 Na2 42. Ra1 Bxd2+ 43. Rxd2 Rxd2 44. Kxd2 Nb4 45. Ra5 Nc6 0-1

[Event "Bad Woerishofen Seniors op 19th"]
[Site "Bad Woerishofen"]
[Date "2003.03.15"]
[Round "3"]
[White "Schmidt, Eugen"]
[Black "Miessner, Rolf"]
[Result "1-0"]
[WhiteElo "2011"]
[BlackElo "1665"]
[PlyCount "91"]
[EventDate "2003.03.13"]
[EventType "swiss"]
[EventRounds "9"]
[EventCountry "GER"]
[SourceTitle "EXT 2004"]
[Source "ChessBase"]
[SourceDate "2003.11.25"]
[SourceVersion "1"]
[SourceVersionDate "2003.11.25"]
[SourceQuality "1"]

1. e4 d5 2. exd5 Qxd5 3. Nc3 Qa5 4. d4 Bf5 5. Bc4 e6 6. Nf3 Nd7 7. Qe2 Ngf6 8. Bd2 c6 9. 0-0-0 Bb4 10. a3 Bxc3 11. Bxc3 Qc7 12. Ne5 Nxe5 13. dxe5 Nd5 14. Bd2 0-0 15. g4 Bg6 16. h4 h6 17. h5 Bh7 18. g5 b5 19. Bb3 c5 20. Bxd5 exd5 21. gxh6 g6 22. Rhg1 Rae8 23. f4 Kh8 24. Qxb5 Qb6 25. Qe2 Qe6 26. Be1 Rg8 27. Qh2 gxh5 28. Rxg8+ Rxg8 29. Qxh5 Bg6 30. Qh2 Kh7 31. Bh4 Bf5 32. Bg5 c4 33. Qf2 a6 34. Qc5 Be4 35. Rf1 Bf5 36. Qf2 Rg6 37. Qa7 Rg8 38. a4 Rc8 39. Rg1 Bg6 40. Bf6 Qf5 41. Qf2 Qe4 42. Rg5 d4 43. f5 Qe3+ 44. Qxe3 dxe3 45. fxg6+ fxg6 46. Rg3 1-0

[Event "Bad Woerishofen Seniors op 19th"]
[Site "Bad Woerishofen"]
[Date "2003.03.13"]
[Round "1"]
[White "Schmidt, Eugen"]
[Black "Erdmann, Wolfgang"]
[Result "1-0"]
[WhiteElo "2011"]
[BlackElo "1531"]
[PlyCount "111"]
[EventDate "2003.03.13"]
[EventType "swiss"]
[EventRounds "9"]
[EventCountry "GER"]
[SourceTitle "EXT 2004"]
[Source "ChessBase"]
[SourceDate "2003.11.25"]
[SourceVersion "1"]
[SourceVersionDate "2003.11.25"]
[SourceQuality "1"]

1. e4 d6 2. d4 Nf6 3. Nc3 g6 4. Bf4 Nh5 5. Be3 Bg7 6. Qd2 0-0 7. 0-0-0 b6 8. Bh6 Bb7 9. g4 Nf6 10. f3 Nc6 11. h4 e5 12. Bxg7 Kxg7 13. Nge2 Rh8 14. h5 h6 15. hxg6 fxg6 16. g5 hxg5 17. Bh3 Nh5 18. Bg4 Nf4 19. Rxh8 Qxh8 20. Kb1 Qh2 21. dxe5 Nxe5 22. Nxf4 Qxd2 23. Ne6+ Kf6 24. Rxd2 Nxg4 25. Nxc7 Rc8 26. N3d5+ Ke5 27. fxg4 Kxe4 28. Nc3+ Kf3 29. N7b5 Re8 30. b3 d5 31. Kb2 Kxg4 32. Nd6 Re7 33. Nxb7 Rxb7 34. Rxd5 Kh4 35. Kc1 g4 36. Ne2 Rf7 37. Kd2 g5 38. Rd3 Rf2 39. Ke1 g3 40. Rc3 g4 41. Nxg3 Rf7 42. a4 Kh3 43. Nf1+ Kh4 44. Re3 Kg5 45. Re2 Kh4 46. Rh2+ Kg5 47. Ng3 Kg6 48. Rf2 Rh7 49. Kf1 Rc7 50. c4 Rd7 51. Ke2 Re7+ 52. Kd2 Kg5 53. Rf8 Rh7 54. Ne4+ Kh4 55. Ke3 g3 56. Rf4+ 1-0

[Event "Staufer Seniors op"]
[Site "Schwaebisch Gmuend"]
[Date "2003.??.??"]
[Round "?"]
[White "Schmidt, Eugen"]
[Black "Raedeker, Bernd"]
[Result "0-1"]
[WhiteElo "2011"]
[BlackElo "2173"]
[PlyCount "78"]
[EventDate "2003.01.01"]
[EventType "swiss"]
[EventRounds "9"]
[EventCountry "GER"]
[SourceTitle "EXT 2004"]
[Source "ChessBase"]
[SourceDate "2003.11.25"]
[SourceVersion "1"]
[SourceVersionDate "2003.11.25"]
[SourceQuality "1"]

1. e4 g6 2. d4 Bg7 3. Nc3 c6 4. Bf4 d6 5. Qd2 b5 6. 0-0-0 Nd7 7. Nf3 Qa5 8. Kb1 b4 9. Ne2 Ngf6 10. e5 dxe5 11. dxe5 Ne4 12. Qe3 Ndc5 13. Nc1 Be6 14. Nd4 Bd5 15. Ncb3 Nxb3 16. Nxb3 Qb6 17. Rd4 Nc5 18. Rxd5 Nxb3 19. Rd3 Nc5 20. Rd2 Ne6 21. Bc4 Nxf4 22. Qxf4 e6 23. Qe4 0-0 24. Rhd1 Rfd8 25. b3 Rxd2 26. Rxd2 a5 27. f4 Qg1+ 28. Kb2 Qxh2 29. Qxc6 Rf8 30. Qf3 Bh6 31. Rf2 Rd8 32. g3 Qg1 33. Bd3 Bf8 34. Rf1 Qd4+ 35. Kb1 a4 36. Qe4 axb3 37. axb3 Qa7 38. Kc1 Rd4 39. Qc6 Rxd3 0-1